[Event "Washington vs. Oregon Match"]
[Site "Hoquiam, WA"]
[Date "2008.07.26"]
[Round "2"]
[White "Graves, John"]
[Black "Yu, Corbin"]
[Result "1/2-1/2"]
[WhiteElo "2239"]
[BlackElo "2085"]
[Annotator "Harley Greninger"]
[PlyCount "81"]
[EventDate "2008.03.26"]
[EventRounds "2"]
[Source "Harrison"]
[SourceDate "2008.03.19"]

1. d4 Nf6 2. c4 c5 3. d5 b5 4. cxb5 a6 5. bxa6 Bxa6 6. Nc3 g6 7. g3 ({
The main line would run something like} 7. e4 Bxf1 8. Kxf1 d6 9. g3 Bg7 10. Kg2
O-O 11. Nf3 Nbd7 12. Re1 Ng4 13. Qe2 Nge5 14. Nxe5 Nxe5 15. f4 Nd7 16. Bd2 Qb6
17. b3 {when both players can be happy. White, with his extra pawn and Black
with his Q-side pressure.}) 7... d6 8. Bg2 Bg7 9. Nf3 O-O 10. O-O Nbd7 11. Rb1
Qb6 $6 {With the White Rook now on b1, it would seem more natural to play the
Queen to a5.} 12. b3 Rfb8 13. Bb2 Qa5 {
The first new move. Previously played are Qb7 or Qb5.} 14. Qc2 Ne8 $6 ({
More in keeping with the Benko, would be routing this Knight to e5 with} 14...
Ng4) 15. Rfd1 Nc7 16. h3 Nf6 17. Nd2 Nb5 18. Nc4 Qc7 19. Nxb5 Bxb5 20. Bc3 Qa7
21. Rb2 ({Very interesting, yet difficult to analyse fully and accurately over
the board, is} 21. Na5 $5 Qc7 22. Nc6 Nxd5 (22... Rb6 23. Ba5 $18) 23. Nxb8
Nxc3 24. Bxa8 Nxe2+ (24... Qxb8 25. Bf3 Nxd1 26. Rxd1 $16) 25. Kh2 Qxb8 26. Bc6
(26. a4 Qxa8 27. axb5 Qf3 $17 28. Rf1 Bd4 $19) 26... Nd4 27. Rxd4 Bxd4 28. Bxb5
Qxb5 $16) 21... Bxc4 22. bxc4 Rxb2 23. Bxb2 $5 (23. Qxb2 Qxa2 $11) 23... Qa4
24. Qd3 Qxa2 25. Ra1 Qxa1+ 26. Bxa1 Rxa1+ 27. Kh2 {Black estimates that White
will be unable to break through his defenses, due to the strength of his hold
on the dark squares.} Nd7 28. Qe3 Bf6 29. Qb3 h5 30. Be4 Rc1 31. f4 Rc3 32. Qb5
Nf8 33. Bd3 h4 $1 34. gxh4 Bxh4 35. Kg2 Kg7 36. Qe8 Bf6 37. Qc8 Nh7 38. Qg4 Bd4
39. f5 Rc1 40. Qh4 ({
Fritz (assisted by the local club players) found the win here, as follows:} 40.
e3 $1 Bxe3 41. Qe2 Bg5 ({Or} 41... Bd4 42. fxg6 Rg1+ 43. Kh2) 42. fxg6 fxg6 43.
h4 $1 Bf6 (43... Bxh4 $2 44. Qb2+) 44. Qg4 Nf8 45. Bxg6 Nxg6 46. h5 Rc2+ 47.
Kf1 Rh2 48. Qxg6+ Kh8 (48... Kf8 49. h6 Bd4 50. h7 Rh1+ 51. Ke2 Rh2+ 52. Kd3
Rh3+ 53. Ke4 Rh4+ 54. Kf5 {is fanito.}) 49. h6 Rh1+ 50. Kg2 Rh4 51. Kf3 Rxc4
52. h7 Rc3+ 53. Ke4 Rc4+ 54. Kf5 Bg7 55. Qe8+ Kxh7 56. Qh5+ Kg8 57. Kg6 {
and wins.}) 40... Rg1+ 41. Kh2 {Draw Agreed} 1/2-1/2

[Event "Washington vs. Oregon Match"]
[Site "Hoquiam, WA"]
[Date "2008.07.26"]
[Round "2"]
[White "Morris, Mike"]
[Black "Sinanan, Josh"]
[Result "0-1"]
[WhiteElo "2162"]
[BlackElo "2049"]
[Annotator "Harley Greninger & Vince Amero"]
[PlyCount "70"]
[EventDate "2008.03.26"]
[EventRounds "2"]
[Source "Harrison"]
[SourceDate "2008.03.19"]

1. e4 c5 2. Nf3 e6 3. d4 cxd4 4. Nxd4 Nc6 5. Be3 Nf6 6. Nc3 Bb4 7. Bd3 d5 8.
O-O Bxc3 9. bxc3 dxe4 10. Bb5 Bd7 11. Bxc6 Bxc6 12. Nxc6 bxc6 13. Qe2 ({
Also very interesting is} 13. Bc5 Qd5 14. Ba3 c5 15. Qe2 ({Better is} 15. Qxd5
exd5 16. Bxc5 Rc8 17. Bb4 Kd7 18. Rad1 Ke6 19. f3 Rhd8 (19... e3 $2 20. Rfe1)
20. Rd4 Rd7 21. g4 h6 22. h4 g5 $13) 15... O-O $17 {
Heimrath,W (2160)-Klundt,K (2335) 2000; 0-1 in 28 moves.}) 13... O-O 14. Bg5 h6
15. Bh4 (15. Bxf6 Qxf6 16. Qxe4 Qxc3 $17) 15... g5 16. Bg3 Qa5 17. f4 $5 {
After this, Black must proceed with extreme caution as his K-side is somewhat
loose.  Josh does a wonderful job of shoring up.} Qxc3 (17... Nd5 18. Qxe4 Nxc3
19. Qf3 Rad8 20. fxg5 hxg5 21. Rae1 (21. Qh5 Ne4) 21... Nd5 (21... Rd5 22. Qf6)
22. Qh5 $44) 18. fxg5 hxg5 19. Rab1 Rad8 20. Rb3 Qd4+ 21. Kh1 (21. Bf2 Qe5 22.
Be3) 21... Rd5 22. Be1 {The threat of Bc3 appears to be quite dangerous,
however Black does have resources.} Qd1 $1 ({Also playable is} 22... Rf5 23.
Bc3 (23. Rxf5 exf5 24. Bc3 Qd6) 23... Qe3 $1 24. Qxe3 Rxf1+ 25. Qg1 Rxg1+ 26.
Kxg1 Nd5 $17) 23. Qc4 (23. Qxd1 Rxd1 24. Kg1 Rfd8 25. Rg3 Nh7 {
and Black has alot of pawns soon to be raining down on White.} 26. h4 f5 27.
hxg5 Kg7 28. Bc3+ Kg6 $19) 23... Rf5 $1 24. Rg3 Kh7 25. h3 (25. Rxf5 exf5 26.
Qf1 f4 (26... Kg6 $2 27. Rxg5+ Kxg5 28. Bh4+) 27. Rxg5 Rg8 28. Rf5 Nd5 29.
Rxf7+ Kg6 (29... Rg7 30. Rxg7+ Kxg7 31. c4 Ne3 32. Bc3+ Kg6 33. Qxd1 Nxd1 {
White still has fight left in him.}) 30. Rxa7 Rb8 31. Ra6 Rb1 $19) 25... Kg6
26. Kh2 Qd5 27. Qa6 Qb5 28. Rxf5 $1 {Mike goes in for a little fireworks here..
. I was frantically checking out the consequences of Black taking the Queen,
while Josh calmly reached up and captured the Rook!} exf5 $1 (28... Qxa6 $2 29.
Rfxg5+ Kh7 (29... Kh6 30. Bd2 $1) 30. Rg7+ Kh8 (30... Kh6 31. Bd2+ Kh5 32.
R3g5+ Kh4 33. g3#) 31. Bc3 Qf1 (31... Nh5 {There is no hope.} 32. R7g5+ {
White wins!}) 32. R7g4 $18) 29. Qxa7 f4 30. Rb3 Qe2 31. Qf2 Qxf2 32. Bxf2 Rd8
33. Be1 Rd1 34. Bb4 Nd5 35. a4 Ne3 $1 {White Resigns} 0-1

[Event "Washington vs. Oregon Match"]
[Site "Hoquiam, WA"]
[Date "2008.07.26"]
[Round "2"]
[White "Paleveda, Nick"]
[Black "Allyn, Bob"]
[Result "1-0"]
[WhiteElo "2132"]
[BlackElo "1762"]
[Annotator "Harley Greninger"]
[PlyCount "85"]
[EventDate "2008.03.26"]
[EventRounds "2"]
[Source "Harrison"]
[SourceDate "2008.03.19"]

{A great deal of fireworks were displayed in the Palaveda-Allyn game... when
the smoke finally cleared, it was Palaveda on top.} 1. e4 c5 2. Nf3 Nc6 3. Bb5
g6 4. O-O Nd4 $6 {
This seldom-seen move is somewhat inferior to the simple Bg7. The main line is}
(4... Bg7 5. c3 Nf6 6. Re1 O-O 7. d4 cxd4 8. cxd4 d5 9. e5 Ne4 10. Nc3 Nxc3 11.
bxc3 Na5 $11 {Chances are level.}) 5. Nxd4 cxd4 6. c3 a6 7. Bc4 Qc7 {
The first new move. Previously played have been Bg7 (best) and dxc3.} 8. Qe2 ({
I had thought that White could refute Black's 4th & 7th moves by} 8. Qb3 e6 9.
cxd4 Bg7 10. d5 b5 11. Be2 {However, the way White proceeds is also quite good.
}) 8... Bg7 9. cxd4 Bxd4 10. Nc3 e6 {
Black has succeeded in his goal to place all his pawns on light squares.} 11.
d3 b5 12. Bb3 Bb7 13. Bd2 ({
Offering to trade off the defender of Black's dark squares by} 13. Be3 {
is also to be considered.  (} Bxc3 $2 14. Rfc1 {)}) 13... h5 14. Rac1 Qe5 15.
Kh1 Ne7 16. f4 Qf6 17. e5 $5 {Very double-edged! Opening the Bishop's b7-h1
diagonal, coupled with relinquishing control of the f5 square, is the price
that White is willing to pay for the control of d6 and f6 squares.} Qh4 {
During the game (in another room), we were trying to figure out how to trap
Black's Queen but failed to discover any method of doing so. We concluded that
this was the only way for Black to proceed,forif} (17... Qg7 $2 18. Ne4 Nf5 19.
Rc7 $18 {White's position is simply overwhelming.}) 18. Ne4 Nf5 {
With the threat of ending the game immediately with Bxe4.} 19. Be1 Qd8 20. Bb4
$6 {This move appears, at first glance, to be very powerful. It gives Black
the opportunity to develop a strong attack however, thanks to the rock of
Gibralter standing on d4.} ({More circumspect is} 20. Bf2) 20... h4 $1 {
A great move. Suddenly, Black has strong threats!} 21. Rf3 $2 ({
Posting a retraction by} 21. Be1 {is needed.}) 21... Ng3+ ({
Black should get rid of the Knight at e4 before making this move...} 21... Bxe4
22. dxe4 Ng3+ 23. Rxg3 (23. hxg3 hxg3#) 23... hxg3 {and Black stands better.})
22. Rxg3 Bxe4 23. Qxe4 $2 ({The reason Black should have chopped off the
Knight a move earlier, is that White could now have played the better} 23. Rh3
{Black now has the opportunity to win by force...}) 23... hxg3 24. Qxd4 {
Black has a simple-enough winning advantage after the better h2-h3.} Rxh2+ 25.
Kg1 Qh4 26. Kf1 Rh1+ $2 ({The key move is} 26... Qh5 $3 {
and White has no escape, eg.} 27. Ke1 Rxg2 28. Qe3 Qh1+) 27. Ke2 Rxc1 28. Qd6
Qg4+ 29. Ke3 ({Only not} 29. Kd2 $4 Qxf4+ 30. Ke2 Qf2#) 29... Re1+ {
Chucking the Rook is the only way for Black to stave off mate...} ({
Black can still castle, but it is useless trickery.} 29... O-O-O 30. Qxa6+ Kb8
31. Bd6+ Rc7 32. Qb6+ Ka8 33. Bxc7 {finis}) 30. Bxe1 g5 {Desperation.} 31. Qd4
$1 {"Discretion is the better part of valor."} Rc8 32. fxg5 Qxg5+ 33. Qf4 Qg6
34. Qxg3 Qh6+ $2 ({Black's active Rook and compact pawn position gives him
some chance of fighting on in a Queenless endgame after} 34... Qxg3+ $1 35.
Bxg3 Rc1 {Sometimes, one gets it into one's head that they cannot exchange
Queens under any circumstance and proceeds to avoid it at every turn. White's
Queen, working with the dark-squared Bishop are simply overwhelming.}) 35. Kf2
Qh7 36. Bb4 Qf5+ 37. Ke2 Qh5+ 38. Ke3 Qh6+ 39. Kd4 {
Ahhh, safe at last-- in the middle of the board!} Qh7 40. Qg5 f5 41. exf6 (41.
Qf6 {is also game-ending.}) 41... Kf7 42. Bd1 $1 {
The 'quiet twin' finally has something to say and ends the battle immediately.}
Rh8 43. Bh5+ $1 {A pretty way to conclude this excellent game! Black Resigns}
1-0